书目信息 |
| 题名: |
晶体管的互补应用
|
|
| 作者: | 许国殷 编著 | |
| 分册: | ||
| 出版信息: | 北京 科学出版社 1982 |
|
| 页数: | 322页 | |
| 开本: | 19cm | |
| 丛书名: | ||
| 单 册: | ||
| 中图分类: | TN321 | |
| 科图分类: | ||
| 主题词: | 互补晶体管--应用 | |
| 电子资源: | ||
| ISBN: | ||
| 000 | 00607nam0 2200229 45 | |
| 001 | 0182006717 | |
| 005 | 20060722104307.62 | |
| 010 | @dCNY1.30 | |
| 091 | @a15031.406 | |
| 100 | @a19950623d1982 em y0chiy0121 ea | |
| 101 | 0 | @achi |
| 102 | @aCN@b110000 | |
| 105 | @ay z 000yy | |
| 200 | 10 | @a晶体管的互补应用@Ajing ti guan de hu bu ying yong@f许国殷编著 |
| 210 | @a北京@c科学出版社@d1982 | |
| 215 | @a322页@d19cm | |
| 606 | @a互补晶体管@x应用 | |
| 690 | @aTN321@v3 | |
| 701 | 0 | @a许国殷@Axu guo yin@4编著 |
| 801 | 0 | @aCN@bTSSF@c20060722 |
| 801 | 2 | @aCN@bNLC@c20060720 |
| 905 | @a10447@dTN321@e27 | |
| 晶体管的互补应用/许国殷编著.-北京:科学出版社,1982 |
| 322页;19cm |
| ISBN :CNY1.30 |
| ● |
| 相关链接 |
|
|
|
|
正题名:晶体管的互补应用
索取号:TN321/27
 
预约/预借
| 序号 | 登录号 | 条形码 | 馆藏地/架位号 | 状态 | 备注 |
| 1 | 0432102 | 204321028 | 密集书库/ [索取号:TN321/27] | 在馆 | |
| 2 | 0438178 | 204381784 | 密集书库/ [索取号:TN321/27] | 在馆 |